Miscelánea Paul Aebischer / Paul Aebischer
Descripción Física:
294 p. ; 26 cm
Colección:
Biblioteca filológica-histórica ; 9
Materias:
Filologia -- Reculls d'escrits
MARC
| LEADER | 00000nam a2200000Ia 4500 | ||
|---|---|---|---|
| 001 | 2053 | ||
| 008 | 160829s1963 xx 000 0 cat d | ||
| 080 | |a L-1-25 | ||
| 100 | |a Aebischer, Paul |9 22271 | ||
| 245 | |a Miscelánea Paul Aebischer / Paul Aebischer | ||
| 260 | |a San Cugat del Vallés : |b Instituto Internacional de Cultura Románica, |c 1963 | ||
| 300 | |a 294 p. ; |c 26 cm | ||
| 490 | |a Biblioteca filológica-histórica ; 9 | ||
| 650 | |a Filologia |x Reculls d'escrits |9 22272 | ||
| 710 | 2 | |a Instituto Internacional de Cultura Románica |9 54313 | |
| 901 | |a Arxiu | ||
| 942 | |n 1 | ||
| 952 | |0 0 |1 0 |4 0 |6 L125 |7 1 |9 42151 |a Arxiu |b Arxiu |d 2016-12-01 |l 0 |o L-1-25 |p 2053 |r 2016-12-01 00:00:00 |w 2016-12-01 |y ARXIU | ||
| 999 | |c 44598 |d 44598 | ||